<?xml version="1.0" encoding="UTF-8"?>
<record
    xmlns:xsi="http://www.w3.org/2001/XMLSchema-instance"
    xsi:schemaLocation="http://www.loc.gov/MARC21/slim http://www.loc.gov/standards/marcxml/schema/MARC21slim.xsd"
    xmlns="http://www.loc.gov/MARC21/slim">

  <leader>00806nam a2200193Ia 4500</leader>
  <controlfield tag="003">LK-CoDNM</controlfield>
  <controlfield tag="005">20241128095122.0</controlfield>
  <controlfield tag="008">010623t1989    xxu||||| |||| 00| 1 sin d</controlfield>
  <datafield tag="040" ind1=" " ind2=" ">
    <subfield code="a">LK-CoDNM</subfield>
    <subfield code="d">LK-CoDNM</subfield>
    <subfield code="e">LK-CoDNM</subfield>
  </datafield>
  <datafield tag="041" ind1=" " ind2=" ">
    <subfield code="a">sin</subfield>
  </datafield>
  <datafield tag="080" ind1=" " ind2=" ">
    <subfield code="a">x 294.3:726:1</subfield>
    <subfield code="b">COL</subfield>
  </datafield>
  <datafield tag="245" ind1=" " ind2=" ">
    <subfield code="a">&#xD9A;&#xDDC;&#xDC5;&#xDB9; &#xD9A;&#xDDC;&#xDA7;&#xDD4;&#xDC0; &#xDC1;&#xDCA;&#x200D;&#xDBB;&#xDD2; &#xDC3;&#xDB8;&#xDCA;&#xDB6;&#xDD4;&#xDAF;&#xDCA;&#xDB0;&#xDBD;&#xDDD;&#xD9A; &#xDC0;&#xDD2;&#xDC4;&#xDCF;&#xDBB;&#xDBA;&#xDDA; &#xDA0;&#xDDB;&#xDAD;&#xDCA;&#x200D;&#xDBA;  &#xDBB;&#xDCF;&#xDA2;&#xDCA;&#x200D;&#xDBA;&#xDBA;&#xDCF;&#xDAB;&#xDB1;&#xDCA; &#xDC0;&#xDC4;&#xDB1;&#xDCA;&#xDC3;&#xDDA;&#xD9C;&#xDDA; &#xD9A;&#xDDC;&#xDAD; &#xDB4;&#xDD0;&#xDC5;&#xDAF;&#xDC0;&#xDD3;&#xDB8;-1989</subfield>
  </datafield>
  <datafield tag="246" ind1=" " ind2=" ">
    <subfield code="a">Colombo Fort Sri Sambuddhalooka Viharaye Chaitayarajayanan Vahansege Kota Peladaveema</subfield>
  </datafield>
  <datafield tag="260" ind1=" " ind2=" ">
    <subfield code="b">&#xDB6;&#xDDE;&#xDAF;&#xDCA;&#xDB0; &#xD9A;&#xDA7;&#xDBA;&#xDD4;&#xDAD;&#xDD4; &#xDAF;&#xDD9;&#xDB4;&#xDCF;&#xDBB;&#xDAD;&#xDB8;&#xDDA;&#xDB1;&#xDCA;&#xDAD;&#xDD4;&#xDC0;</subfield>
    <subfield code="c">1989</subfield>
    <subfield code="a">&#xD9A;&#xDDC;&#xDC5;&#xDB9;</subfield>
  </datafield>
  <datafield tag="300" ind1=" " ind2=" ">
    <subfield code="b">10p. : ill ; 28 cm</subfield>
  </datafield>
  <datafield tag="650" ind1=" " ind2=" ">
    <subfield code="a">1989</subfield>
  </datafield>
  <datafield tag="650" ind1=" " ind2=" ">
    <subfield code="a">Buddhism</subfield>
  </datafield>
  <datafield tag="942" ind1=" " ind2=" ">
    <subfield code="c">BK</subfield>
  </datafield>
  <datafield tag="952" ind1=" " ind2=" ">
    <subfield code="0">0</subfield>
    <subfield code="1">0</subfield>
    <subfield code="4">1</subfield>
    <subfield code="7">0</subfield>
    <subfield code="8">OBC</subfield>
    <subfield code="a">MAIN</subfield>
    <subfield code="b">MAIN</subfield>
    <subfield code="c">REF</subfield>
    <subfield code="d">2024-11-27</subfield>
    <subfield code="l">0</subfield>
    <subfield code="o">x 294.3:726:1 COL</subfield>
    <subfield code="p">OB8985</subfield>
    <subfield code="r">2024-11-28</subfield>
    <subfield code="w">2024-11-28</subfield>
    <subfield code="y">BK</subfield>
  </datafield>
  <datafield tag="999" ind1=" " ind2=" ">
    <subfield code="c">114333</subfield>
    <subfield code="d">114333</subfield>
  </datafield>
</record>
